Przywróć alfabet nazwom stolic państw - Statystyki

Ogólne statystyki
  • Ten quiz został rozwiązany 19 razy
  • Średni wynik to 20 z 25
Statystyki odpowiedzi
Hint Explanation Odpowiedź % Poprawnych
Pogorica Podgorica D
100%
Ublana Lublana L
100%
Uła Bator Ułan Bator N
100%
Hano Hanoi I
93%
Parż Paryż Y
93%
Erno Berno B
87%
Sul Seul E
87%
Soia Sofia F
87%
Reykavík Reykjavík J
87%
Alletta Valletta V
87%
La Pa La Paz Z
87%
Ttawa Ottawa O
80%
Uito Quito Q
80%
Port Moreby Port Moresby S
80%
Pjonjang Pjongjang G
73%
Yga Ryga R
73%
Wienian Wientian T
73%
Mogadisz Mogadiszu U
73%
Ddis Abeba Addis Abeba A
67%
Sure Sucre C
67%
Windhu Windhuk K
67%
Aman Amman M
67%
Phnom Pen Phnom Penh H
60%
Kamala Kampala P
60%
Tara Tarawa W
40%
Nie znaleziono quizów pasujących do podanych kryteriów
Rozkład punktacji
Procent ludzi z każdym wynikiem
Percentyl według liczby udzielonych odpowiedzi
Twoja historia wyników
Nie rozwiązałeś tego quizu